Các nước Nam Mỹ Tập 1
Giới thiệu những điều kiện địa lý, thiên nhiên, sự phát triển kinh tế, xã hội, chính trị và nhiều mặt khác của các nước Nam Mỹ: Cộng hoà Achentina, Braxin, Bôlivia...
Sparad:
| Materialtyp: | Bok |
|---|---|
| Språk: | Vietnamese |
| Publicerad: |
H.
Sự thật
1978
|
| Ämnen: | |
| Taggar: |
Lägg till en tagg
Inga taggar, Lägg till första taggen!
|
| Thư viện lưu trữ: | Mạng thư viện Đại học Đà Nẵng |
|---|
| LEADER | 01203nam a2200337 4500 | ||
|---|---|---|---|
| 001 | 000008886 | ||
| 003 | 5079 | ||
| 005 | 20111021151016.0 | ||
| 008 | 111021s1978 viesd | ||
| 020 | |c 0.7đ | ||
| 041 | 0 | |a vie | |
| 082 | |a 918 |b Nươ | ||
| 245 | 1 | 0 | |a Các nước Nam Mỹ |n Tập 1 |
| 260 | |a H. |b Sự thật |c 1978 | ||
| 300 | |a 152tr |c 19cm | ||
| 520 | |a Giới thiệu những điều kiện địa lý, thiên nhiên, sự phát triển kinh tế, xã hội, chính trị và nhiều mặt khác của các nước Nam Mỹ: Cộng hoà Achentina, Braxin, Bôlivia... | ||
| 653 | |a Nam Mỹ | ||
| 653 | |a Lịch sử | ||
| 653 | |a Địa lí | ||
| 773 | |t Các nước Nam Mỹ |w 5076 | ||
| 910 | |a Thương |d 21/10/2011 | ||
| OWN | |a LSP | ||
| AVA | |a UDN50 |b LSP |d 918 Nươ |e available |t Error 5001 Not defined in file expand_doc_bib_avail. |f 4 |g 1 |h N |i 0 |k 1 | ||
| 999 | |a From the UDN01 | ||
| AVA | |a UDN50 |b LSP |d 918 Nươ |e available |t Error 5001 Not defined in file expand_doc_bib_avail. |f 4 |g 1 |h N |i 0 |k 1 | ||
| TYP | |a Monograph | ||
| TYP | |a Printed language | ||
| 980 | |a Mạng thư viện Đại học Đà Nẵng | ||